000 00356nam a22001097a 4500
040 _cFAO
100 _aHANG CHUONNARON
245 _aLIFE SKILLS EDUCATION SCHOOL GARDNING AND NUTRITION EDUCAATION TEACHER'S GUIDE FOR GRADE 6
260 _aPhnom Penh
_bFOOD AND AGRICULTURE ORHANIZATION OF THE UNITED NATIONS
_c2017
300 _aVII.46P
_c29CM
942 _cAEDBB
999 _c22141
_d22141